Proceedings of the forty - fifth Indian science congress (Record no. 1340472)

MARC details
000 -LEADER
fixed length control field 00588nam a2200205Ia 4500
005 - DATE AND TIME OF LATEST TRANSACTION
control field 20250508153049.0
008 - FIXED-LENGTH DATA ELEMENTS--GENERAL INFORMATION
fixed length control field 008 250505s9999 xx 000 0 eng d
037 ## - SOURCE OF ACQUISITION
Stock number Textual
040 ## - CATALOGING SOURCE
Original cataloging agency FEDL
Language of cataloging eng
Transcribing agency FEDL
041 ## - LANGUAGE CODE
Language code of text/sound track or separate title eng
Source of code eng
084 ## - COLON CLASSIFICATION NUMBER
Classification number 506.3, IND
Assigning agency FEDL
245 #0 - TITLE STATEMENT
Title Proceedings of the forty - fifth Indian science congress
245 #0 - TITLE STATEMENT
Statement of responsibility, etc. India, Education (Ministry...)
300 ## - PHYSICAL DESCRIPTION
Extent 569p
365 ## - TRADE PRICE
Price type code Gifted
490 ## - SERIES STATEMENT
Volume/sequential designation Pt 3
650 ## - SUBJECT ADDED ENTRY--TOPICAL TERM
Topical term or geographic name entry element Science Education; Indian Science Congress
9 (RLIN) 763094
942 ## - ADDED ENTRY ELEMENTS (KOHA)
Koha item type Textual
Classification part 506.3, IND
Holdings
Withdrawn status Lost status Damaged status Not for loan Home library Current library Date acquired Total Checkouts Full call number Barcode Date last seen Price effective from Koha item type
        Department of Education Library Department of Education Library 2025-05-08   506.3, IND EL0023112 2025-05-08 2025-05-08 Textual
Copyright @ Delhi University Library System